Una vida para amar (Record no. 75795)

MARC details
000 -LEADER
campo de control de longitud fija 00624nam a2200181 i 4500
001 - NÚMERO DE CONTROL
campo de control 75795
003 - IDENTIFICADOR DE NÚMERO DE CONTROL
campo de control ES-MaACL
005 - FECHA Y HORA DE LA ÚLTIMA TRANSACCIÓN
campo de control 20230906172613.0
007 - CAMPO FIJO DE DESCRIPCIÓN FÍSICA--INFORMACIÓN GENERAL
campo de control de longitud fija t|
008 - DATOS DE LONGITUD FIJA--INFORMACIÓN GENERAL
campo de control de longitud fija 040927s1967 sp ||||1| spa d
100 1# - ENTRADA PRINCIPAL--NOMBRE DE PERSONA
Nombre de persona Guarnero, Luisa.
9 (RLIN) 60345
245 14 - MENCIÓN DEL TÍTULO
Título Una vida para amar
Resto del título : lo que una joven esposa del siglo XX debe saber /
Mención de responsabilidad, etc. Luisa Guarnero ; versión revisada por Eliseo Cots ; ilustraciones, José Luis Florit.
260 ## - PUBLICACIÓN, DISTRIBUCIÓN, ETC.
Lugar de publicación, distribución, etc. Barcelona :
Nombre del editor, distribuidor, etc. Eugenio Subirana,
Fecha de publicación, distribución, etc. [1967]
300 ## - DESCRIPCIÓN FÍSICA
Extensión 217 p. ;
Dimensiones 21 cm.
700 1# - ENTRADA AGREGADA--NOMBRE PERSONAL
Nombre de persona Cots, Eliseo.
9 (RLIN) 41182
700 1# - ENTRADA AGREGADA--NOMBRE PERSONAL
Nombre de persona Florit, José Luis.
9 (RLIN) 51349
852 ## - LOCALIZACIÓN
Ubicación ES-MaACL
Número de control de estantería C-34119
Sublocalización o colección R.64692
Holdings
Estatus retirado Estado de pérdida Estado de daño No para préstamo Biblioteca de origen Biblioteca actual Ubicación en estantería Fecha de adquisición Fuente de adquisición Total de préstamos Signatura topográfica completa Código de barras Visto por última vez Precio de reemplazo Tipo de ítem Koha
        Biblioteca del Ateneo de Madrid Biblioteca del Ateneo de Madrid Depósito 2 17/01/2008     C-34119 1079333 23/02/2023 23/02/2023 Libro impreso